A személyiség szerepe a bűnözésben
Elmentve itt :
| Szerző: | |
|---|---|
| További közreműködők: | |
| Dokumentumtípus: | Szakdolgozat |
| Megjelent: |
1984
|
| Tárgyszavak: | |
| Online Access: | http://diploma.bibl.u-szeged.hu/21049 |
| LEADER | 00544nta a2200157 i 4500 | ||
|---|---|---|---|
| 001 | dipl21049 | ||
| 005 | 20130314080530.0 | ||
| 008 | 111222s1984 hu om 0|| zxx d | ||
| 040 | |a SZTE Diploma Repozitórium |b hun | ||
| 041 | |a zxx | ||
| 100 | 1 | |a Urbán Ferenc | |
| 245 | 1 | 2 | |a A személyiség szerepe a bűnözésben |h [elektronikus dokumentum] / |c Ferenc Urbán |
| 260 | |c 1984 | ||
| 650 | 4 | |a Jogi és igazgatási tanulmányok | |
| 700 | 1 | |a nincs megadva |e ths | |
| 856 | 4 | 0 | |u http://diploma.bibl.u-szeged.hu/id/eprint/21049/1/1984_urban_ferenc.pdf |z Dokumentum-elérés |